| 000 | 00717nam a22002057a 4500 | ||
|---|---|---|---|
| 999 |
_c20185 _d20185 |
||
| 003 | AR-CdUCM | ||
| 008 | 190527b ||||| |||| 00| 0 spa d | ||
| 040 |
_aMUNICIPALIDAD PROVINCIAL DEL CUSCO _cBIBLIOTECA MUNICIPAL DEL CUSCO |
||
| 082 |
_a782.15 / _bB13 |
||
| 100 |
_aBach, Johann Sebastian y Riemenschneider _942195 |
||
| 245 | _a371 Harmoniezed and 698 Chorale Melodiez | ||
| 260 |
_aNew York : _bInternational copyright, _c1941. |
||
| 300 |
_a165 páginas ; _bNotas musicales _c30 cm. |
||
| 500 | _aTexto en ingles. | ||
| 505 | _aContenido: General preface to the Chorale -- Music... | ||
| 650 |
_aMúsica americana _942196 |
||
| 650 |
_aMelodías americanas _942197 |
||
| 942 |
_2ddc _cLIBROS |
||
| 945 | _aAndy | ||